000 01012nam a2200265 i 4500
001 164816
003 ES-MaACL
005 20250724074836.0
008 040901s1835 fr a |||| | fre d
040 _aCAM
_bspa
_cCAM
100 1 _aSarrus, Frédéric.
_9132485
245 1 0 _aEntretiens sur la géométrie /
_cpar P.F. Sarrus.
260 _aParis ;
_aStrasbourg :
_bchez F.G. Levrault,
_c1835.
300 _a190 p. :
_bil. ;
_c14 cm.
490 1 _aMaitre Pierre ou Le savant de village
490 1 _aBibliothèque de l'instruction populaire ;
_v21
594 _aTexto en letra cursiva.
598 _aSegunda serie tomada de BN Opale-Plus.
650 0 7 _aGeometría
_2embne
_913096
740 0 _aMaitre Pierre ou Le savant de village.
830 0 _aMaitre Pierre ou Le savant de village
_9187710
830 0 _aBibliothèque de l'instruction populaire ;
_v21
_9187711
852 _aES-MaACL
_jD-5207(1)
_z-- Enc. hol.
_x-- Edic.: en el lomo consta : Instruction populaire
999 _c164816
_d164816